Bodies of Water by Letter - M - Statistics

General Stats
  • This quiz has been taken 127 times
  • The average score is 11 of 18
Answer Stats
Hint Answer % Correct
New Orleans and Memphis are on this River Mississippi River
95%
Only Great Lake completely in One Country Lake Michigan
93%
Longest River in Southeast Asia Mekong River
90%
Hurricane Katrina Hit Here Gulf of Mexico
78%
Named for a Canadian Province Lake Manitoba
77%
Separates Madagascar from Africa Mozambique Channel
77%
The Romans called it "Roman Lake" Mediterranean Sea
76%
Between Black and Aegean Seas Sea of Marmara
73%
Longest in Australia Murray River
69%
Longest River in Canada Mackenzie River
68%
Also known as Lake Nyasa Lake Malawi
66%
Many ships going from the Indian to Pacific Ocean go through here Strait of Malacca
56%
Connects Atlantic and Pacific Oceans Strait of Magellan
52%
Separates Sicily from Italy Strait of Messina
48%
Major "Lake" that's actually a bay Lake Maracaibo
39%
Largest Tributary of the Above Missouri River
36%
West of Nova Scotia Gulf of Maine
19%
East of Sulawesi Molucca Sea
16%
No matching quizzes found
Score Distribution
Percent of People with Each Score
Percentile by Number Answered
Your Score History
You have not taken this quiz